Linkin Park - Numb - Statistiques

Statistiques générales
  • Ce quiz a été pris 203 fois
  • Le résultat moyen est 205 sur 274
Statistiques - réponses
Lyrics % Correct
I
100%
be
96%
numb
95%
you
95%
You
95%
so
94%
can
91%
feel
91%
become
90%
Become
90%
the
90%
the
90%
to
88%
me
85%
there
84%
more
83%
want
83%
can't
82%
Can't
82%
do
82%
and
81%
And
81%
like
80%
much
79%
know
78%
less
76%
in
75%
I'm
75%
in
75%
under
75%
I've
74%
Feeling
73%
is
73%
Is
73%
of
73%
all
71%
what
71%
tired
69%
surface
68%
your
67%
Don't
66%
Every
66%
every
66%
that
66%
take
64%
take
64%
this
63%
becoming
62%
Faithless
62%
just
59%
just
59%
mistake
58%
see
58%
shoes
58%
step
58%
another
57%
aware
56%
pressure
56%
expecting
55%
walking
55%
being
54%
you're
53%
lost
52%
But
49%
control
48%
Caught
48%
caught
48%
lose
45%
than
44%
too
44%
afraid
42%
would
42%
Cause
41%
smothering
41%
everything
39%
were
39%
end
38%
front
38%
Put
38%
right
38%
someone
38%
disappointed
37%
second
37%
undertow
36%
thought
36%
Holding
35%
apart
34%
failing
33%
may
33%
up
32%
waste
32%
tightly
31%
with
30%
Has
22%
fallen
19%
Aucun quiz correspondant
Distribution des résultats
% des personnes avec chaque résultat
Percentile par nombre de réponses
Votre historique - résultats
Vous n’avez pas pris ce quiz